Statystyki dla Strzelcy bramek dla reprezentacji Polski w piłce nożnej

Kliknij tutaj aby rozwiązać quiz!

Ogólne statystyki

  • Ten quiz został rozwiązany 549 razy
  • Średni wynik to 9 z 18

Statystyki odpowiedzi

Ilość bramekZawodnik% Poprawnych
57Robert Lewandowski
100%
45Grzegorz Lato
91%
21Jakub Błaszczykowski
89%
24Zbigniew Boniek
87%
41Kazimierz Deyna
84%
20Euzebiusz Smolarek
72%
48Włodzimierz Lubański
72%
32Andrzej Szarmach
54%
17Maciej Żurawski
49%
15Jacek Krzynówek
44%
39Ernest Pohl
34%
21Ernest Wilimowski
30%
16Robert Gadocha
27%
27Gerard Cieślik
22%
20Dariusz Dziekanowski
20%
18Lucjan Brychczy
20%
19Roman Kosecki
20%
16Józef Nawrot
3%

Rozkład punktacji

Percentyl według liczby udzielonych odpowiedzi

Procent ludzi z każdym wynikiem

Twoja historia wyników

Nie rozwiązałeś tego quizu